01844nam a2200289 a 4500001001000000005001700010008004100027041000800068044000700076084002200083100004600105245017900151260001900330300002600349500004700375500029500422500033400717500004301051500002801094500006601122506009201188546005201280600006601332651008501398700002201483700004901505BRCA_494520190320204854.0211010s1835----mx-####f#v---#000-0#spa-# aspa amx aDOC40b.L67c18351 aLópez de Santa Anna, Antoniod1794-187610aDocumento firmado por el Presidente de los Estados Unidos Mexicanos Antonio López de Santa AnnacAntonio López de Santa Anna, Don Domingo Andrés, José María Tornel. aMéxicoc1835 a[2] fojasc31 x 21 cm aDocumento firmado el 15 de febrero de 1835 aDiploma impreso de la medalla concedida al 1er Ayudante de Batallón de Abasolo Don Domingo Andrés por la gloriosa jornada de Tampico contra los españoles invasores. Dado en México el 15 de febrero de 1835. Firmas autógrafas de Antonio López de Santa Anna y José María Tornel aEn la parte superior: SELLO SEGUNDO DOCE REALES para los años de mil ochocientos treinta y cuatro y ochocientos treita y cinco y sello oficial grabado con el águila Real Republicana. Encabezado: EL C. ANTONIO LÓPEZ DE SANTA ANNA. General de división, Presidente de los Estados Unidos Mexicanos y Benemérito de la Patria aEl documento tiene la leyenda DOC. #49 aPapel con marca de agua aEstado de conservación: Contiene manchas de acidificación0 aFondo reservado: para su consulta es necesario credencial de usuario y carta de motivos aTexto en: español de principios del siglo XIX14aLópez de Santa Anna, Antoniod1794-1876yHistoriazMéxico 4aMéxicovImpreso con rúbricasxHistoriayFederalismo y centralismo, 1824-18531 aAndrés, Domingo1 aTornel y Mendivil, José Maríad1789-1853